Meteorology

Gardado en:
Detalles Bibliográficos
Autor Principal: Danielson, Eric William
Formato: Libro
Idioma:Vietnamese
Publicado: McGraw-Hill 2003
Các nhãn: Engadir etiqueta
Sen Etiquetas, Sexa o primeiro en etiquetar este rexistro!
Thư viện lưu trữ: Mạng thư viện Đại học Đà Nẵng
LEADER 00630nam a2200253 4500
001 000021887
003 18335
005 20150423150417.0
008 150423s2003 viesd
020 |c 00 
041 0 |a vie 
082 1 4 |a 551,5  |b DA-E 
100 1 |a Danielson, Eric William 
245 1 0 |a Meteorology  |c Eric W. Danielson, James Levin, Elliot Abrams. 
260 |b McGraw-Hill  |c 2003 
300 |a tr.  |c cm. 
OWN |a LSP 
999 |a From the UDN01 
TYP |a Monograph 
TYP |a Printed language 
980 |a Mạng thư viện Đại học Đà Nẵng